|
|
|
|
| LEADER |
01503nam a2200409Ia 4500 |
| 001 |
EBC3119913 |
| 003 |
MiAaPQ |
| 005 |
20200520144314.0 |
| 006 |
m o d | |
| 007 |
cr cn||||||||| |
| 008 |
120507s2012 enkab sb 000 0 eng d |
| 020 |
|
|
|z 1780401043 (ebook)
|
| 020 |
|
|
|z 1843395401
|
| 020 |
|
|
|z 9781780401041 (ebook)
|
| 020 |
|
|
|z 9781843395409
|
| 035 |
|
|
|a (MiAaPQ)EBC3119913
|
| 035 |
|
|
|a (Au-PeEL)EBL3119913
|
| 035 |
|
|
|a (CaPaEBR)ebr10732969
|
| 035 |
|
|
|a (CaONFJC)MIL572564
|
| 035 |
|
|
|a (OCoLC)843213084
|
| 040 |
|
|
|a MiAaPQ
|c MiAaPQ
|d MiAaPQ
|
| 050 |
|
4 |
|a TC415
|b .E96 2012
|
| 082 |
0 |
4 |
|a 628.109
|2 23
|
| 245 |
0 |
0 |
|a Evolution of water supply throughout the millennia
|h [electronic resource] /
|c Andreas N. Angelakis ... [et al.].
|
| 246 |
1 |
8 |
|a Evolution of water supply through the millennia
|
| 260 |
|
|
|a London ;
|a New York :
|b IWA,
|c 2012.
|
| 300 |
|
|
|a xxii, 560 p. :
|b ill., maps.
|
| 504 |
|
|
|a Includes bibliographical references.
|
| 533 |
|
|
|a Electronic reproduction. Ann Arbor, MI : ProQuest, 2015. Available via World Wide Web. Access may be limited to ProQuest affiliated libraries.
|
| 650 |
|
0 |
|a Water-supply
|x History.
|
| 650 |
|
0 |
|a Water-supply engineering
|x History.
|
| 650 |
|
0 |
|a Water use
|x History.
|
| 650 |
|
0 |
|a Water resources development
|x History.
|
| 655 |
|
4 |
|a Electronic books.
|
| 700 |
1 |
|
|a Angelakis, Andreas N.
|
| 710 |
2 |
|
|a ProQuest (Firm)
|
| 856 |
4 |
0 |
|u https://ebookcentral.proquest.com/lib/matrademy/detail.action?docID=3119913
|z Click to View
|